| 000 | 00000nam##2200000za#4500 |
| 001 | 9.602143 |
| 003 | CaOODSP |
| 005 | 20210624210424 |
| 007 | cr ||||||||||| |
| 008 | 150406|2000||||xxc|||||o f|0| 0 fre|d |
| 040 | |aCaOODSP|bfre |
| 043 | |an-cn--- |
| 086 | 1 |aNH18-23/47F-PDF |
| 110 | 2 |aSociété canadienne d'hypothèques et de logement. |
| 245 | 13|aLe rôle des partenariats publics-privés dans la production de logements abordables : |h[ressource électronique]|bévaluation de l'expérience des É.-U. et leçons à tirer pour le Canada |
| 260 | |aOttawa - Ontario : |bSociété canadienne d'hypothèques et de logement |c[2000]. |
| 300 | |a6p.|bfigure |
| 490 | 1 |aLe point en recherche. Série socio-économique|v47 |
| 590 | |a11-22-Supp|b2011-10-13 |
| 691 | 07|aLogement|2gcpds |
| 691 | 07|aSecteur privé|2gcpds |
| 691 | 07|aSecteur public|2gcpds |
| 775 | 08|tThe role of public-private partnerships in producing affordable housing : |w(CaOODSP)9.571718 |
| 776 | 0#|tLe rôle des partenariats publics-privés dans la production de logements abordables : |w(CaOODSP)9.625347 |
| 830 | #0|aLe point en recherche. Série socio-économique ;|v47|w(CaOODSP)9.501568 |
| 856 | 40|ahttp://publications.gc.ca|qPDF|s152 Ko|uhttps://publications.gc.ca/collections/Collection/NH18-23-47F.pdf|y47 |